Tilastot visalle Suomen maakuntien muodot

Klikkaa tästä pelataksesi tätä visaa!

Yleistilastot

  • Tätä visaa on pelattu 363 kertaa
  • Keskiarvotulos 14 / 19

Vastaustilastot

Vastaus% Oikein
Lappi
100%
Uusimaa
97%
Ahvenanmaa
92%
Varsinais-Suomi
92%
Etelä-Karjala
86%
Pohjanmaa
85%
Pohjois-Karjala
80%
Satakunta
79%
Kymenlaakso
76%
Pohjois-Pohjanmaa
73%
Keski-Suomi
70%
Pirkanmaa
69%
Etelä-Pohjanmaa
66%
Pohjois-Savo
64%
Kanta-Häme
63%
Kainuu
60%
Etelä-Savo
57%
Keski-Pohjanmaa
56%
Päijät-Häme
55%

Tulosjakauma

Persentiili vastausten määrän mukaan

Jokaisen tuloksen saaneiden osuus

Tuloshistoriasi

Et ole pelannut tätä visaa